Open Secret : (Record no. 196024)

MARC details
000 -LEADER
fixed length control field 00699nam a22002057a 4500
005 - DATE AND TIME OF LATEST TRANSACTION
control field 20230526144927.0
010 ## - LCCN (DPL NO)
LC control number ENG-136949
020 ## - INTERNATIONAL STANDARD BOOK NUMBER
International Standard Book Number 9789384401191
Terms of availability 275.00
035 ## - SYSTEM CONTROL NUMBER
System control number EN-120481
037 ## - SOURCE OF ACQUISITION
Source of stock number/acquisition DBAD/PUB
082 ## - DEWEY DECIMAL CLASSIFICATION NUMBER
Classification number 158.1
100 ## - MAIN ENTRY--PERSONAL NAME
Personal name Aashob, Q.A
245 ## - TITLE STATEMENT
Title Open Secret :
Remainder of title Key To Unlimited Success /
Statement of responsibility, etc By Q.A Aashob
250 ## - EDITION STATEMENT
Edition statement First
260 ## - PUBLICATION, DISTRIBUTION, ETC. (IMPRINT)
Name of publisher, distributor, etc Pigeon Books India
Date of publication, distribution, etc 2017
Place of publication, distribution, etc New Delhi
270 ## - ADDRESS
Telephone number 9810229648
-- 9312286851
Address 16, Ansari Road, Darya Ganj ,
City New Delhi
Postal code 110002
Electronic mail address gbdbooks@gmail.com
300 ## - PHYSICAL DESCRIPTION
Extent 256p.;
Dimensions 22cm.(pbk)
500 ## - GENERAL NOTE
General note Every knows But Nobody Sees The Splendor Equation That Makes Or Makes Your World
942 ## - ADDED ENTRY ELEMENTS (KOHA)
Source of classification or shelving scheme Dewey Decimal Classification
Item type English Books
Classification part 158.1
Call number suffix AAS
Holdings
Withdrawn status Lost status Not for loan Collection code Home library Current library Date acquired Source of acquisition Cost, normal purchase price Full call number Barcode Copy number Cost, replacement price Koha item type
      Non-fiction Ashok Vihar Ashok Vihar 17/05/2023 DBAD/PUB 275.00 158.1 AAS EN-120481 1 275.00 English Books

© Delhi Public Library
Hit Counter
free hit counter